000
00236nam a2200097Ia 4500
001
1170018
005
20251202135930.0
008
250824s9999 xx 000 0 und d
245
0
_a
NE OKURSAN O OLURSUN
_c
ROBERT DIYANNI
260
_b
ANTRE
999
_c
1170018
_d
1170018